1472 1543 1497 1006 1632 1193 1702 1129 1905 1443 1339 1126 1328 1853 1611 1975 1358 1861 1506 1492 1355 1285 1675 1658 1972 1454 1951 1920 1317 1163 1707 1009 1655 1921 1738 1298 1098 1150 1999 1351 1909 1280 1385 1137 1973 1630 1438 1745 1509 1254 1079 1340 1136 1950 1298 1104 1106 1066 1584 1194 1505 1236 1463 1036 1648 1219 1843 1904 1050 1113 1154 1556 1602 1753 1827 1744 1771 1275 1962 1206 1602 1335 1986 1423 1091 1384 1755 1506 1563 1544 1205 1721 1266 1208 1307 1837 1840 1353 1411 BCNSPRNW ULIB Ver.6.0+V

เปลี่ยนเป็นภาษาไทย

Change to English
 แสดงรายละเอียดบรรณานุกรม
  กลับหน้าหลัก

Brief Record : Get Marc (ISO 2709) : E-mail record : QR code < ปิดหน้าต่าง
LEADER : 00000nam 2200000uu 4500
001    13399127495
003     ULIB
008    200617s2562||||th 000 0 tha d
020 ^- ^a9786163660602
050 ^- ^aนว^bด179ม
100 0^ aดวงตะวัน.
245 10 ^aมนตรารีรายา /ดวงตะวัน.
250 ^- ^aพิมพ์ครั้งที่ 1.
260 ^- ^aนนทบุรี :^bดวงตะวัน,^c2562
300 ^- ^a570 หน้า ;^c21 ซม.
945    ^p390^l0^i28401
999    ^aกัณชพร จุลอักษร
รายการนี้ยังไม่มีแท็ก
คุณยังไม่ได้ล็อกอิน คุณสามารถมีกิจกรรมร่วมกับเว็บไซต์ได้ แต่ต้องล็อกอินก่อน ::
  ล็อกอิน

รายการสื่อสารสนเทศ

ลำดับที่ ประเภท เลขเรียก/บาร์โค้ด สถานที่ สถานะ
1. นวนิยาย
นวนิยาย
นว ด179ม ฉ.1 
  Barcode: 28401
ห้องสมุดวิทยาเขตนครสวรรค์
►หนังสือทั่วไป:l:General Books
บนชั้น

รายการใกล้เคียง
    ชื่อเรื่อง [มนตรารีรายา /ดวงตะวัน.]

    ผู้แต่ง [aดวงตะวัน.]

BibComment


ยังไม่เคยถูกคอมเมนท์

คอมเมนท์ทรัพยากรรายการนี้
  คอมเมนท์: มนตรารีรายา ดวงต..


 Copyright 2026. Bcnsprnw @Library